Kadrowicze Jerzego Brzęczka - Statystyki

Ogólne statystyki
  • Ten quiz został rozwiązany 57 razy
    46 od ostatniego zresetowania
  • Średni wynik to 33 z 42
Statystyki odpowiedzi
Mecze Pozycja Piłkarz % Poprawnych
15 Napastnik Arkadiusz Milik
100%
20 Obrońca Jan Bednarek
100%
19 Obrońca Kamil Glik
100%
9 Bramkarz Łukasz Fabiański
100%
18 Napastnik Robert Lewandowski
100%
12 Bramkarz Wojciech Szczęsny
100%
21 Pomocnik Grzegorz Krychowiak
98%
20 Pomocnik Kamil Grosicki
98%
15 Napastnik Krzysztof Piątek
98%
2 Bramkarz Łukasz Skorupski
98%
20 Pomocnik Piotr Zieliński
98%
1 Bramkarz Bartłomiej Drągowski
93%
17 Obrońca Bartosz Bereszyński
93%
4 Pomocnik Damian Szymański
93%
8 Pomocnik Jakub Błaszczykowski
93%
10 Pomocnik Sebastian Szymański
93%
3 Obrońca Artur Jędrzejczyk
90%
5 Obrońca Maciej Rybus
90%
3 Obrońca Michał Pazdan
90%
2 Napastnik Dawid Kownacki
88%
1 Obrońca Łukasz Piszczek
88%
10 Pomocnik Karol Linetty
85%
9 Pomocnik Kamil Jóźwiak
83%
18 Obrońca Tomasz Kędziora
83%
9 Pomocnik Przemysław Frankowski
80%
12 Obrońca Arkadiusz Reca
78%
6 Pomocnik Jakub Moder
78%
20 Pomocnik Mateusz Klich
75%
2 Obrońca Marcin Kamiński
73%
3 Pomocnik Krystian Bielik
70%
1 Obrońca Robert Gumny
68%
10 Pomocnik Jacek Góralski
65%
1 Obrońca Thiago Cionek
65%
6 Pomocnik Damian Kądzior
60%
3 Obrońca Sebastian Walukiewicz
58%
1 Pomocnik Dominik Furman
55%
2 Pomocnik Przemysław Płacheta
53%
2 Obrońca Paweł Bochniewicz
50%
1 Obrońca Alan Czerwiński
45%
3 Pomocnik Rafał Kurzawa
43%
3 Obrońca Rafał Pietrzak
43%
3 Obrońca Michał Karbownik
40%
Nie znaleziono quizów pasujących do podanych kryteriów
Rozkład punktacji
Procent ludzi z każdym wynikiem
Percentyl według liczby udzielonych odpowiedzi
Twoja historia wyników
Nie rozwiązałeś tego quizu od ostatniego zresetowania